The social reality of religion (Record no. 22727)
[ view plain ]
| 000 -LEADER | |
|---|---|
| fixed length control field | 00417cam a2200157 4500 |
| 020 ## - INTERNATIONAL STANDARD BOOK NUMBER | |
| ISBN | 0571088651 |
| 082 00 - DEWEY DECIMAL CLASSIFICATION NUMBER | |
| Classification number | 301.58 |
| Author Cutter | BER |
| 100 1# - MAIN ENTRY--AUTHOR NAME | |
| Author name | Berger, Peter L., |
| 245 14 - TITLE STATEMENT | |
| Title | The social reality of religion |
| 260 ## - PUBLICATION, DISTRIBUTION, ETC. (IMPRINT) | |
| Place of publication | London, |
| Name of publisher | Faber, |
| Year of publication | 1969. |
| 300 ## - PHYSICAL DESCRIPTION | |
| Number of Pages | viii, 231 p. |
| 500 ## - GENERAL NOTE | |
| General note | American ed. published in 1967 under title: The sacred canopy. |
| 650 #0 - SUBJECT ADDED ENTRY--TOPICAL TERM | |
| Topical Term | Religion and sociology. |
| 942 ## - ADDED ENTRY ELEMENTS (KOHA) | |
| Koha item type | Books |
| Home library | Current library | Shelving location | Date acquired | Full call number | Accession Number | Koha item type |
|---|---|---|---|---|---|---|
| Henry Martyn Institute Library | Henry Martyn Institute Library | General stacks | 10/04/2019 | 301.58 BER | 25604 | Books |
